000 00643cam a2200229 4500500
005 20260329005245.0
041 _afre
042 _adc
100 1 0 _aLarmagnac-Matheron, Octave
_eauthor
245 0 0 _a“Passeport matériel”
260 _c2023.
500 _a31
690 _aArchitecture
690 _aHabitat
690 _aIdentité
690 _aMaison
690 _aPasseport
690 _aRecyclage
690 _aRessources
786 0 _nPhilosophie magazine | 166 | 1 | 2023-02-01 | p. 5-5 | 1951-1787
856 4 1 _uhttps://shs.cairn.info/magazine-philosophie-magazine-2023-1-page-5?lang=fr&redirect-ssocas=7080
999 _c1841760
_d1841760